Barnes & Noble Classics Covers III Quiz Stats

 Plays Quiz Updated Aug 20, 2015

Score 0/20 Timer 05:00
0 Plays Today
% Correct
Alice's Adventures in Wonderland
97.4%
Little Women
77.1%
The Iliad
71.3%
The Art of War
67.7%
The Time Machine & The Invisible Man
64.6%
Walden & Civil Disobedience
59.6%
The Communist Manifesto and Other Writings
52.2%
Madame Bovary
49.5%
The Secret Garden
46%
The Phantom of the Opera
39.8%
% Correct
A Connecticut Yankee in King Arthur's Court
37.3%
Siddhartha
34.2%
A Room With a View
30.5%
Bleak House
29.3%
Kim
28.2%
Mansfield Park
27.7%
Lord Jim
24.9%
The Man in the Iron Mask
20.9%
O Pioneers!
16.6%
The Four Feathers
7.5%

You're not logged in!

Compare scores with friends on all Sporcle quizzes.
OR
Log In

Show Comments

Extras

Top Quizzes Today


Score Distribution

Your Account Isn't Verified!

In order to create a playlist on Sporcle, you need to verify the email address you used during registration. Go to your Sporcle Settings to finish the process.

Report this User

Report this user for behavior that violates our Community Guidelines.

Details: